000 01280nam a2200229Ia 4500
003 Ost
005 20260507075711.0
008 260507s9999||||xx |||||||||||||| ||und||
020 _a9789961529416
040 _cfsecg
041 _aara
082 _a658.8
100 _aشرفة، حكيمة
_eمؤلف
245 0 _aمبادئ التسويق الحديث /
_c حكيمة شرفة
260 _aالجزائر:
_bدار الخلدونية,
_c2019
300 _a208 صفحة؛
_bجداول
_c24 سم
504 _aمراجع ص.190
520 _aأساسيات حول التسويق، تحليل البيئة التسويقية للمؤسسة، بحوث التسويق، مع الاستراتيجية التسويقية، بالإضافة الى اختيار الأسواق المستهدفة: تجزئة السوق، الاستهداف والتموقع، تخطيط المزيج التسويقي، وعوامل تحديدهمع دراسة سلوك المستهلك والعوامل النفسية والمؤثرات الثقافية، وأخيرا تكنولوجيا الاتصال وإدارة العلاقة مع الزبائن في ظل التسويق الالكتروني.
653 _aالتسويق
653 _aالمزيج التسويقي
942 _cكتاب
999 _c45890
_d45890